Quizzes
Events
Quiz Creation
Community
Videos
Private Events
Remove Ads
Sign In
Join for FREE
Feedback
Dark Mode
Quiz Categories
Sports
Geography
Music
Movies
Television
Just For Fun
Miscellaneous
History
Literature
Language
Science
Gaming
Entertainment
Religion
Holiday
For Kids
Quiz Lab
Recent
Popular Today
Quiz Kudos Today
Editor Picks
Curator Picks
Quizzes by...
Day
Popularity
Type
Ratings
Length
Year
Community
Subscriptions
Recent Discussions
Orange Saloon
Badges
Playlists
Quests
Create
Leaderboards
Showdown
Live 5
Trivia Bingo
Activity
Puzzle Library
Sporcle Events
Private Events
Virtual Trivia
Globe League
Become a Host
Pub Owners
SporcleCon
Opinionation
Our Games
Videos
Blog
Mobile Apps
Partnerships
Remove Ads and Go Orange
Feedback
Entertainment
Celebrity
Famous
Musical
Broadway
Show
Quote
Comic Books
Anime
Superhero
DC Comics
Marvel
Cartoons
Animation
Entertainment
Celebrity
Famous
Musical
Broadway
Show
Quote
Comic Books
Anime
Superhero
DC Comics
Marvel
Cartoons
Animation
Random Quiz
Search Sporcle
×
Quiz Lab
Quiz Lab
Entertainment
Pretty
Type in answers that appear in a list
Type in answers that appear in a list
Classic
Best Score? Go Orange.
Pretty Girl Lyrics Stats
Can you name the Hayley Kiyoko Pretty Girl Lyrics?
By
Greenhat
10m
273 Questions
105 Plays
105 Plays
105 Plays
Comments
Comments
Give Quiz Kudos
Give Quiz Kudos
-
- Ratings
hide this ad
Replay
Link that replays current quiz
Next Quiz
Link to next quiz in quiz playlist
You Got
0%
They Got
Avg Score
75%
Avg Friend Score
Upgrade to see
Score Distribution
Jump to the score distribution portion of the page
Score
0/273
Timer
10:00
0
Plays Today
Answer
% Correct
I
99%
I
99%
I
99%
I
99%
I
99%
I
99%
I
99%
I
99%
I
99%
I
99%
I
99%
I
99%
I
99%
I
99%
I
99%
I
99%
I
99%
I
99%
I
99%
I
99%
I
99%
I
99%
I
99%
can
89.5%
can
89.5%
can
89.5%
can
89.5%
you
83.8%
you
83.8%
you
83.8%
pretty
83.8%
girl
83.8%
you
83.8%
you
83.8%
girl
83.8%
you
83.8%
pretty
83.8%
girl
83.8%
you
83.8%
you
83.8%
you
83.8%
pretty
83.8%
girl
83.8%
you
83.8%
you
83.8%
girl
83.8%
you
83.8%
pretty
83.8%
girl
83.8%
you
83.8%
you
83.8%
you
83.8%
you
83.8%
you
83.8%
pretty
83.8%
girl
83.8%
you
83.8%
you
83.8%
girl
83.8%
you
83.8%
pretty
83.8%
girl
83.8%
your
82.9%
just
82.9%
just
82.9%
your
82.9%
just
82.9%
just
82.9%
just
82.9%
just
82.9%
your
82.9%
just
82.9%
just
82.9%
just
82.9%
just
82.9%
your
82.9%
just
82.9%
just
82.9%
Wanna
81%
wanna
81%
wanna
81%
wanna
81%
wanna
81%
wanna
81%
wanna
81%
wanna
81%
wanna
81%
wanna
81%
real
79%
tell
79%
that
79%
Answer
% Correct
really
79%
me
79%
be
79%
tell
79%
that
79%
really
79%
a
79%
real
79%
tell
79%
that
79%
really
79%
me
79%
be
79%
tell
79%
that
79%
really
79%
me
79%
me
79%
me
79%
me
79%
tell
79%
that
79%
really
79%
me
79%
be
79%
tell
79%
that
79%
really
79%
you're
78.1%
you're
78.1%
you're
78.1%
You're
78.1%
you're
78.1%
you're
78.1%
you're
78.1%
you're
78.1%
you're
78.1%
to
77.1%
let
77.1%
to
77.1%
to
77.1%
let
77.1%
to
77.1%
let
77.1%
to
77.1%
let
77.1%
to
77.1%
let
77.1%
to
77.1%
let
77.1%
to
77.1%
let
77.1%
to
77.1%
like
76.2%
like
76.2%
if
76.2%
like
76.2%
like
76.2%
like
76.2%
if
76.2%
like
76.2%
if
76.2%
like
76.2%
the
75.2%
the
75.2%
know
75.2%
the
75.2%
know
75.2%
know
75.2%
the
75.2%
The
75.2%
the
75.2%
know
75.2%
know
75.2%
the
75.2%
the
75.2%
the
75.2%
the
75.2%
know
75.2%
know
75.2%
will
74.3%
will
74.3%
will
74.3%
will
74.3%
I'm
73.3%
I'm
73.3%
I'm
73.3%
I'm
73.3%
taste
72.4%
candy
72.4%
candy
72.4%
Answer
% Correct
taste
72.4%
candy
72.4%
candy
72.4%
taste
72.4%
candy
72.4%
candy
72.4%
World-class
71.4%
world
71.4%
World-class
71.4%
world
71.4%
world
71.4%
see
70.5%
see
70.5%
in
70.5%
see
70.5%
see
70.5%
in
70.5%
in
70.5%
want
70.5%
in
70.5%
in
70.5%
want
70.5%
in
70.5%
in
70.5%
want
70.5%
in
70.5%
in
70.5%
want
70.5%
in
70.5%
got
68.6%
got
68.6%
got
68.6%
do
67.6%
my
67.6%
do
67.6%
one
66.7%
show
65.7%
show
65.7%
show
65.7%
show
65.7%
of
64.8%
All
64.8%
we
64.8%
is
64.8%
all
64.8%
of
64.8%
All
64.8%
we
64.8%
is
64.8%
dark
63.8%
dark
63.8%
Feel
61.9%
what
61%
have
61%
don't
61%
have
61%
Wait
61%
Wait
61%
Wait
61%
Wait
61%
piece
60%
art
60%
start
60%
piece
60%
art
60%
start
60%
love
59%
shape
59%
shape
59%
shape
59%
shape
59%
smart
58.1%
type
58.1%
smart
58.1%
it
57.1%
Seeing
55.2%
fact
55.2%
stars'
54.3%
feels
54.3%
find
54.3%
reason
53.3%
despite
53.3%
under
52.4%
tonight
52.4%
light
51.4%
fire
47.6%
nights
46.7%
bright
44.8%
Through
40%
as
39%
Desert
35.2%
Quiz Playlist
Details
Report
Send in Message
Add To Playlist
Classic:
Type in answers that appear in a list
Last Updated: Nov 18, 2017
Quiz Scoreboard
CHALLENGE
Sign Up to Join the Scoreboard
Show All
Scores
Hide
Comments
May contain spoilers
Recently Published
Click the 1999 NBA Draft
by nibperrychub
Sports
2m
Alphabetical 'K' Countries by Flag Minefield
by ylime102
Geography
3m
Pick 6: Fruits
by JohnFran
Miscellaneous
15s
More to Explore
Quiz From the Vault
Featured Blog Post
15 Basketball Trivia Facts You Can Be March Mad About
hide this ad
You Might Also Like...
Tags
girl
Pretty
Today's Top Quizzes in Entertainment
Browse Entertainment
hide this ad
Top Contributed Quizzes in Entertainment
1
Stray Kids members (picture click)
2
Marvel, Role-Playing, Shakespeare, and Cats, Oh My!
3
BFDI Characters Mentioned in Episode Titles
4
Thanos Snap Logic Puzzle
5
Comic Character by Cover Artist Pt 490 (Billy Tan)
6
Marvel Picture Find: Capcom
7
Comic Character by Cover Artist Pt 491 (Billy Tan)
8
Double Word Hourglass: Comic Book Publishers
9
JoJo's Bizarre Logic Quiz
10
Spider-Man Actors by Order
Explore More
Trending Topics
Crossword
Marvel
Harry Potter
NBA
Kpop
Anime
Disney
NFL
The Office
Song
Puzzle
WWE
Pokémon
Soccer
Country
hide this ad
More By:
Greenhat
Quiz
Plays
Rating
Category
Featured
Created
She's So Gone Lyrics
560
5.00
Entertainment
May 30, 2019
What Have I Done? Lyrics
506
5.00
Entertainment
Nov 18, 2017
All Hayley Kiyoko Songs
413
5.00
Entertainment
Oct 4, 2018
Delilah Lyrics
345
5.00
Entertainment
Nov 20, 2017
Thunder Road lyrics (Part 1)
323
3.00
Music
Aug 1, 2020
Go to Creator's Profile
Score Distribution
Quiz Creator Spotlight
Greenhat
Follow
Send a Message
Quizzes Created
-
Created Quiz Play Count
-
More By This Creator
Popular Quizzes Today
1
Find the US States - No Outlines Minefield
2
Countries of Asia Without Outlines Minefield
3
Pick 6: Fruits
4
Alphabetical 'K' Countries by Flag Minefield
5
The Countries of the World
6
Click the 1999 NBA Draft
7
Match the Book to the Film X
8
Find the US States
More Entertainment Quizzes
Fictional Detectives Season II
Published
Trending Quizzes
Pick 6: Harry Potter
Pick 6: Golfers
Donkey Kong Minefield
DC Extended Universe: Oldest to Newest
Multiplication Danger Zone
Recently Updated
Women's Final Four Teams by Year
bhenderson79
Presidents Quartet II
eogle
Anything But Clue(do)
eogle
Anything But Oceanian Capitals
eogle
Anything But 7
eogle
Anything But Thing
eogle
Word Ladder: February 29
pecheneg
Song Title Questions
pecheneg
Women's NCAA Tournament #1 Seeds
pecheneg
Celebrity Mug Shots
pecheneg
Trending Topics
Marvel
Anime
NBA
Disney
Crossword
Kpop
Harry Potter
Puzzle
The Office
Song
Soccer
Country
NFL
Pokémon
WWE
Your Account Isn't Verified!
In order to create a playlist on Sporcle, you need to verify the email address you used during registration. Go to your
Sporcle Settings
to finish the process.
Report this User
Report this user for behavior that violates our
Community Guidelines
.
Details:
Send Report
Go to the Sporcle.com Mobile Site →
Comments